Library Banner

Clinical management of speech sound disorders : (Record no. 111048)

MARC details
000 -LEADER
fixed length control field 00684cam a22002178i 4500
001 - CONTROL NUMBER
control field 19898992
005 - DATE AND TIME OF LATEST TRANSACTION
control field 20190227112527.0
008 - FIXED-LENGTH DATA ELEMENTS--GENERAL INFORMATION
fixed length control field 170814s2019 mau b 001 0 eng
020 ## - INTERNATIONAL STANDARD BOOK NUMBER
International Standard Book Number 9781284036916 (pbk. : alk. paper)
040 ## - CATALOGING SOURCE
Transcribing agency PK-LaUMT
082 00 - DEWEY DECIMAL CLASSIFICATION NUMBER
Classification number 616.85506
Edition number 23
Item number CLI-
100 ## - MAIN ENTRY--PERSONAL NAME
Personal name l
245 00 - TITLE STATEMENT
Title Clinical management of speech sound disorders :
Remainder of title a case-based approach /
Statement of responsibility, etc edited by Carol Koch
260 ## - PUBLICATION, DISTRIBUTION, ETC. (IMPRINT)
Place of publication, distribution, etc Burlington :
Name of publisher, distributor, etc Jones & Bartlett Learning,
Date of publication, distribution, etc 2019
300 ## - PHYSICAL DESCRIPTION
Extent 323 p. ;
Dimensions cm.
650 12 - SUBJECT ADDED ENTRY--TOPICAL TERM
Topical term or geographic name as entry element Speech Sound Disorder
General subdivision therapy
650 22 - SUBJECT ADDED ENTRY--TOPICAL TERM
Topical term or geographic name as entry element Articulation Disorders
General subdivision therapy
650 22 - SUBJECT ADDED ENTRY--TOPICAL TERM
Topical term or geographic name as entry element Evidence-Based Medicine
General subdivision methods
700 1# - ADDED ENTRY--PERSONAL NAME
Personal name Koch, Carol
942 ## - ADDED ENTRY ELEMENTS (KOHA)
Koha item type Books
Holdings
Withdrawn status Lost status Damaged status Home library Current library Date acquired Full call number Barcode Date last seen Price effective from Koha item type
      UMT Main Campus UMT Main Campus 2019-02-27 616.85506 CLI- 126836 2025-12-08 2019-02-27 Books